000 00804nam a2200253 i 4500
001 C2-0340621
003 PPAK
005 20180728142510.0
008 170130s2016 nyua|||| ||||| | eng d
020 _a9780847848218
040 _aPPAK
_beng
_cPPAK
_erda
082 0 4 _a728
_223
090 0 0 _a728
_bBER
_dR
100 1 _aBerke, Deborah,
_eauthor
245 1 0 _aHouse rules :
_ban architect's guide to modern life
264 1 _aNew York :
_bRizzoli International Publications ,
_c2016
300 _a207 pages :
_bcolour photographs ;
_c27 cm
336 _2rdacontent
_atext
337 _2rdamedia
_aunmediated
338 _2rdacarrier
_avolume
650 1 0 _aDwellings. ; Rooms. ; Architecture, Domestic.
700 1 _aSchori, Tal ; Thompson, Anne ; Zuckerman, Matthew,
_eeditor
942 _ddc
_cB
999 _c137763
_d137763